| 000 | 00714cam a22002413a 4500 | ||
|---|---|---|---|
| 001 | 19550 | ||
| 003 | PGUSA | ||
| 005 | 20140828083420.0 | ||
| 008 | 061016s2006||||xxu|||||s|||||000 | eng d | ||
| 040 |
_aPGUSA _beng |
||
| 042 | _adc | ||
| 050 | 4 | _aQL | |
| 100 | 1 |
_aSterndale, Robert Armitage, _d1839-1902 |
|
| 245 | 1 | 0 |
_aNatural History of the Mammalia of India and Ceylon _h[electronic resource] / _cRobert Armitage Sterndale |
| 260 |
_bProject Gutenberg, _c2006 |
||
| 506 | _aPublic domain in the USA. | ||
| 516 | _aElectronic text | ||
| 653 | _aMammals -- India | ||
| 653 | _aMammals -- Sri Lanka | ||
| 830 | 0 |
_aProject Gutenberg _v19550 |
|
| 856 | 4 | 0 | _uhttp://www.gutenberg.org/ebooks/19550 |
| 942 | _cEB | ||
| 999 |
_c248805 _d248805 |
||